Economics and business management in the 21st century [proceedings] : 2nd international scientific conference : 10th – 11th september 2014, Ostrava, Czech Republic

Salvato in:
Dettagli Bibliografici
Enti autori: Economics and business management in the 21st century. International scientific conference, Ekonomická fakulta Vysoké školy báňské - Technická univerzita Ostrava. Katedra podnikohospodářská, Ekonomická fakulta Vysoké školy báňské - Technická univerzita Ostrava. Katedra managementu
Altri autori: Skopalová, Dita, Prusenovská, Ivana
Natura: Libro
Lingua:inglese
ceco
Pubblicazione: Ostrava VŠB - Technical University of Ostrava 2014
Edizione:1. vyd.
Soggetti:
Tags: Aggiungi Tag
Nessun Tag, puoi essere il primo ad aggiungerne!!

MARC

LEADER 00000nlm a2200000 4500
001 0192710
005 20240507095412.4
020 |a 978-80-248-3520-4 
041 0 |a eng 
041 0 |a cze 
044 |a CZ 
245 1 0 |a Economics and business management in the 21st century  |b [proceedings] : 2nd international scientific conference : 10th – 11th september 2014, Ostrava, Czech Republic  |c edited by Dita Skopalová, Ivana Prusenovská 
250 |a 1. vyd. 
264 1 |a Ostrava  |b VŠB - Technical University of Ostrava  |c 2014 
300 |a CD-ROM [445 s.] 
610 2 0 |a riadenie podnikové 
610 2 0 |a hospodárstvo podnikové 
610 2 0 |a konkurencieschopnosť 
610 2 0 |a riadenie kvality 
610 2 0 |a logistika podniková 
610 2 0 |a riadenie ľudských zdrojov 
700 1 |a Skopalová, Dita 
700 1 |a Prusenovská, Ivana 
110 2 |a Economics and business management in the 21st century. International scientific conference 
710 2 |a Ekonomická fakulta Vysoké školy báňské - Technická univerzita Ostrava. Katedra podnikohospodářská 
710 2 |a Ekonomická fakulta Vysoké školy báňské - Technická univerzita Ostrava. Katedra managementu